[Event "VIE-ch U13 Girls"]
[Site "Ho Chi Minh City"]
[Date "2022.07.12"]
[Round "3"]
[White "Nguyen, Ngoc Tuong Vy"]
[Black "Le, Tran Minh Nha"]
[Result "0-1"]
[WhiteElo "2116"]
[BlackElo "2136"]
[PlyCount "140"]
[EventDate "2022.07.11"]
[EventType "swiss"]
[EventRounds "9"]
[EventCountry "VIE"]
[SourceTitle "EXT 2023"]
[Source "ChessBase"]
[SourceDate "2022.10.05"]
[SourceVersion "1"]
[SourceVersionDate "2022.10.05"]
[SourceQuality "1"]

1. Nf3 d5 2. g3 b6 3. Bg2 Bb7 4. c4 e6 5. 0-0 Nf6 6. d4 Be7 7. cxd5 exd5 8. Nc3 0-0 9. b3 Nbd7 10. Bb2 c6 11. a4 Re8 12. e3 Bb4 13. Ne2 Ne4 14. Qd3 Ndf6 15. Ne5 a5 16. Rfc1 Qd6 17. h4 Bd2 18. Rc2 Ba6 19. Nc4 dxc4 20. bxc4 Bb4 21. Ba3 Bxa3 22. Rxa3 Qb4 23. Ra1 Rac8 24. Rcc1 Qd2 25. Qc2 Qxc2 26. Rxc2 c5 27. Rb1 cxd4 28. Nxd4 Bxc4 29. Rxb6 Bd3 30. Rxc8 Rxc8 31. Nc6 Kf8 32. Bh3 Nd5 33. Rb3 Rxc6 34. Rxd3 Ndf6 35. Rd8+ Ke7 36. Ra8 Rc1+ 37. Kg2 Rc2 38. Ra7+ Kd6 39. Rxa5 Rxf2+ 40. Kg1 Rc2 41. Ra8 Rc7 42. Rb8 Ra7 43. Rb4 Nc3 44. Rb3 Nxa4 45. e4 Nc5 46. Re3 Ncxe4 47. Bf5 Ke5 48. Bh3 Nd5 49. Re1 Ra3 50. Bg2 Re3 51. Rf1 f5 52. Bxe4 Kxe4 53. Kg2 h6 54. Kh3 f4 55. Rg1 Rxg3+ 56. Rxg3 fxg3 57. Kxg3 h5 58. Kh3 Kf3 59. Kh2 Kg4 60. Kg2 Kxh4 61. Kh2 g5 62. Kg2 g4 63. Kf2 Kh3 64. Ke2 g3 65. Kd3 g2 66. Kd4 g1Q+ 67. Kxd5 Qe3 68. Kd6 Kg4 69. Kd7 h4 70. Kd8 h3 0-1

[Event "VIE-ch U13 Girls"]
[Site "Hanoi"]
[Date "2022.06.17"]
[Round "9"]
[White "Nguyen, Thuy Linh1111"]
[Black "Le, Tran Minh Nha"]
[Result "1-0"]
[WhiteElo "2145"]
[BlackElo "2138"]
[PlyCount "85"]
[EventDate "2022.06.11"]
[EventType "swiss"]
[EventRounds "9"]
[EventCountry "VIE"]
[SourceTitle "EXT 2023"]
[Source "ChessBase"]
[SourceDate "2022.10.05"]
[SourceVersion "1"]
[SourceVersionDate "2022.10.05"]
[SourceQuality "1"]

1. d4 d5 2. c4 e6 3. Nc3 Nf6 4. cxd5 exd5 5. Qc2 c6 6. Bg5 Be7 7. e3 Be6 8. Bd3 Nbd7 9. Nf3 h6 10. Bh4 Rc8 11. h3 Nh5 12. Bxe7 Qxe7 13. Rb1 0-0 14. b4 Nhf6 15. a3 Rfe8 16. a4 Nf8 17. 0-0 Bd7 18. Ne2 Ne4 19. Ne5 Ng5 20. Ng3 f6 21. Nxd7 Nxd7 22. Qe2 Nf8 23. Qg4 Kh8 24. h4 Ne4 25. Bxe4 dxe4 26. Rfc1 Qd7 27. Qxd7 Nxd7 28. Nf5 Rb8 29. b5 cxb5 30. axb5 g6 31. Nxh6 Kg7 32. Ng4 Rbc8 33. Ra1 Nb6 34. Rc5 f5 35. Rxa7 Re7 36. Ne5 Rxc5 37. dxc5 Nc8 38. Ra8 Nb6 39. cxb6 Rxe5 40. Rc8 Re7 41. Rc7 Kf6 42. Kh2 Ke6 43. Kg3 1-0

[Event "VIE-ch U13 Girls"]
[Site "Hanoi"]
[Date "2022.06.14"]
[Round "5"]
[White "Tran, Ha Gia Linh"]
[Black "Le, Tran Minh Nha"]
[Result "0-1"]
[WhiteElo "2143"]
[BlackElo "2138"]
[PlyCount "52"]
[EventDate "2022.06.11"]
[EventType "swiss"]
[EventRounds "9"]
[EventCountry "VIE"]
[SourceTitle "EXT 2023"]
[Source "ChessBase"]
[SourceDate "2022.10.05"]
[SourceVersion "1"]
[SourceVersionDate "2022.10.05"]
[SourceQuality "1"]

1. e4 c5 2. Nf3 e6 3. d4 cxd4 4. Nxd4 Nf6 5. Nc3 d6 6. Be2 a6 7. Be3 b5 8. a3 Bb7 9. f3 Be7 10. Qd2 Nbd7 11. Rc1 0-0 12. 0-0 Rc8 13. Na2 d5 14. exd5 Nxd5 15. Kh1 Nxe3 16. Qxe3 e5 17. Nf5 Bg5 18. f4 Bxf4 19. Rxf4 exf4 20. Qxf4 Qf6 21. Nc3 g6 22. Nh6+ Kg7 23. Qd2 Qf2 24. Rg1 Nf6 25. Qg5 Rc5 26. Qd2 Rh5 0-1